The modern Middle East : (Record no. 28477)

MARC details
000 -LEADER
campo de control de longitud fija 00903cam a2200277 i 4500
001 - NÚMERO DE CONTROL
campo de control 111038
005 - FECHA Y HORA DE LA ÚLTIMA TRANSACCIÓN
campo de control 20230410103923.0
008 - DATOS DE LONGITUD FIJA--INFORMACIÓN GENERAL
campo de control de longitud fija 130715s2004 enka 000 0 eng
020 ## - NÚMERO INTERNACIONAL ESTÁNDAR DEL LIBRO
Número Internacional Estándar del Libro 1860649637
020 ## - NÚMERO INTERNACIONAL ESTÁNDAR DEL LIBRO
Número Internacional Estándar del Libro 9781860649639
041 0# - CÓDIGO DE IDIOMA
Código de lengua del texto/banda sonora o título independiente Eng
050 14 - SIGNATURA TOPOGRÁFICA DE LA BIBLIOTECA DEL CONGRESO
Número de clasificación 439 DS 62.4
Número de ítem M689 2004
082 00 - NÚMERO DE LA CLASIFICACIÓN DECIMAL DEWEY
Número de clasificación 956
245 04 - MENCIÓN DEL TÍTULO
Título The modern Middle East :
Resto del título a reader /
Mención de responsabilidad, etc. edited by Albert Hourani, Philip S. Khoury, and Mary C. Wilson.
260 ## - PUBLICACIÓN, DISTRIBUCIÓN, ETC.
Lugar de publicación, distribución, etc. London ; New York :
Nombre del editor, distribuidor, etc. I.B. Tauris ,
Fecha de publicación, distribución, etc. 2004
300 ## - DESCRIPCIÓN FÍSICA
Extensión 680 p. :
Otras características físicas il ;
Dimensiones 24 cm.
651 #0 - PUNTO DE ACCESO ADICIONAL DE MATERIA--NOMBRE GEOGRÁFICO
Nombre geográfico Middle East
Subdivisión general History
Subdivisión cronológica 1517-
651 #0 - PUNTO DE ACCESO ADICIONAL DE MATERIA--NOMBRE GEOGRÁFICO
Nombre geográfico Middle East
Subdivisión general History
Subdivisión cronológica 20th century.
651 #4 - PUNTO DE ACCESO ADICIONAL DE MATERIA--NOMBRE GEOGRÁFICO
Nombre geográfico Medio Oriente |x Historia.
651 #4 - PUNTO DE ACCESO ADICIONAL DE MATERIA--NOMBRE GEOGRÁFICO
Nombre geográfico Medio Oriente |x Historia
Subdivisión cronológica Siglo XX
700 1# - ENTRADA AGREGADA--NOMBRE PERSONAL
Nombre de persona Hourani, Albert,
Fechas asociadas al nombre 1915-1993.
700 1# - ENTRADA AGREGADA--NOMBRE PERSONAL
Nombre de persona Khoury, Philip S.
Forma completa/desarrollada del nombre (Philip Shukry),
Fechas asociadas al nombre 1949-
700 1# - ENTRADA AGREGADA--NOMBRE PERSONAL
Nombre de persona Wilson, Mary C.
Forma completa/desarrollada del nombre (Mary Christina),
Fechas asociadas al nombre 1950-
942 ## - ELEMENTOS DE ENTRADA SECUNDARIOS (KOHA)
Fuente del sistema de clasificación o colocación Clasificación de Library of Congress
Tipo de ítem Koha
946 ## - PROCESAMIENTO DE INFORMACIÓN LOCAL (OCLC)
a lmd
Holdings
Estatus retirado Estado de pérdida Fuente del sistema de clasificación o colocación Estado de daño No para préstamo Colección Biblioteca de origen Biblioteca actual Ubicación en estantería Fecha de adquisición Serial enumeration / chronology Signatura topográfica completa Código de barras Visto por última vez Copia número Tipo de ítem Koha
    Clasificación de Library of Congress     Recursos Regionales Biblioteca Juan Bosch Biblioteca Juan Bosch Recursos Regionales (2do. Piso) 10/04/2023 1 439 DS 62.4 M689 2004 00000102633 23/10/2018 1